000 00907nam a22001697a 4500
003 NUST
020 _a0387310738
082 _a621.399,BIS
100 _aM. Bishop, Christopher
_9111483
245 _aPattern recognition and machine learning /
_cChristopher M. Bishop
260 _aSpringer
_bU.K
_c2006
300 _axix, 738 p
505 _aIntroduction (Page-1), Probability Distributions (Page-67), Linear Models for Regression (Page-137), Linear Models for Classification (Page-179), Neural Networks (Page-225), Kernal Methods (Page-291), Sparse Keranal Machines (Page-325), Graphical Models (Page-359), Mixture Models and EM (Page-423), Approximate Inference (Page-461), Sampling Mehtods (Page-523), Continuosus Latent Variables (Page-559), Sequential Data (Page-605), Combining Models (Page-653).
650 _aPatern Recognition
_9118244
651 _aMachine Learning
_9118245
942 _2ddc
_cREF
999 _c594351
_d594351